Prénoms filles 1999 - Statistiques

Statistiques générales
  • Ce quiz a été pris 949 fois
    267 depuis la dernière actualisation
  • Le résultat moyen est 61 sur 100
Statistiques - réponses
Hint Lettre Prénom % Correct
1 L Léa
94%
3 M Marie
94%
8 J Julie
91%
96 L Lou
91%
4 C Chloé
90%
6 C Camille
87%
5 M Manon
85%
11 P Pauline
85%
18 E Emma
84%
10 S Sarah
84%
59 Z Zoé
84%
24 L Lisa
82%
39 L Louise
82%
13 E Émilie
81%
20 J Juliette
81%
7 L Laura
81%
64 A Anna
80%
28 C Charlotte
80%
19 C Clara
80%
37 A Alice
79%
50 J Jade
79%
2 O Océane
78%
55 J Jeanne
77%
62 J Julia
77%
16 J Justine
77%
12 L Lucie
77%
14 M Marine
76%
30 I Ines
74%
93 L Laure
73%
34 A Amélie
72%
36 E Élisa
72%
26 E Eva
71%
45 E Elise
70%
15 M Mathilde
70%
86 S Sophie
70%
54 V Valentine
70%
9 A Anaïs
69%
47 R Romane
69%
49 A Alicia
67%
68 L Lola
67%
25 M Marion
67%
66 L Léna
66%
22 M Margaux
65%
17 A Amandine
64%
65 A Aurélie
64%
32 C Clémence
64%
46 C Carla
63%
29 C Célia
63%
33 E Élodie
63%
78 N Nina
63%
41 C Claire
61%
40 M Margot
61%
38 N Noémie
61%
74 E Éloïse
59%
77 H Héloïse
59%
35 A Audrey
58%
92 C Céline
58%
27 M Mélanie
58%
51 F Fanny
57%
31 M Mélissa
57%
87 V Victoria
57%
98 A Ambre
56%
73 M Marina
54%
71 C Caroline
53%
56 C Coralie
53%
61 A Alexandra
52%
60 O Ophélie
52%
58 A Agathe
51%
52 L Laurie
51%
57 M Maëlle
51%
21 M Morgane
51%
53 A Alexia
50%
97 C Cécile
50%
48 E Estelle
50%
23 M Maeva
50%
83 J Jessica
49%
43 L Laurine
49%
72 A Axelle
48%
44 S Solène
48%
69 E Elsa
47%
89 C Charlène
46%
75 C Clémentine
46%
82 C Cloé
46%
42 E Émeline
42%
70 S Salomé
42%
80 K Kelly
41%
76 C Coline
39%
63 C Cassandra
38%
94 S Sabrina
37%
67 A Aurore
36%
99 M Myriam
36%
84 C Cindy
35%
90 L Laëtitia
35%
79 A Anaëlle
34%
85 L Lucile
33%
100 J Johanna
31%
81 A Andréa
29%
91 T Tiffany
28%
88 L Ludivine
24%
95 A Alison
18%
Aucun quiz correspondant
Distribution des résultats
% des personnes avec chaque résultat
Percentile par nombre de réponses
Votre historique - résultats
Vous n’avez pas pris ce quiz depuis la dernière actualisation